Horror Movie Psychos Quiz Stats

Quiz not verified by Sporcle

Challenge
Share
Tweet
Embed
Score 0/16 Timer 05:00
0 Plays Today
Movie Psycho % Correct
HalloweenMichael Myers
93%
SawJigsaw
91.7%
PsychoNorman Bates
91.4%
The Texas Chainsaw MassacreLeatherface
88.7%
The Silence of the Lambs/ HannibalHannibal Lecter
85.4%
The ShinningJack Torrance
76.7%
Friday the 13th (series)Jason Voorhees
75.7%
The Silence of the LambsBuffalo Bill
60.8%
Movie Psycho % Correct
MiseryAnnie Wilkes
55.8%
American Psycho Patrick Bateman
51.5%
SevenJohn Doe
43.5%
HenryHenry
43.2%
I Know What You Did Last SummerBen Willis
26.9%
Reservior DogsMr. Blonde
24.9%
Cape FearMax Cady
22.3%
Night of the HunterHarry Powell
4%

You're not logged in!

Compare scores with friends on all Sporcle quizzes.
Sign Up with Email
OR
Log In

You Might Also Like...

Show Comments

Extras

Top Quizzes Today


Score Distribution

Your Account Isn't Verified!

In order to create a playlist on Sporcle, you need to verify the email address you used during registration. Go to your Sporcle Settings to finish the process.